Statistics for Name the members of Blackpink in age order

Click here to take the quiz!

General Stats

  • This quiz has been taken 37 times
  • The average score is 7 of 8

Answer Stats

Answer% Correct
Jennie
100%
Jisoo
100%
Kim Jennie
96%
Kim Jisoo
96%
Lisa
96%
Rosé
96%
Lalisa Manobal
81%
Roseanne Park/ Park Chaeyoung
58%

Score Distribution

Percentile by Number Answered

Percent of People with Each Score

Your Score History

You have not taken this quiz